Marvel Alter-Egos - Statistics

General Stats
  • This quiz has been taken 27 times
  • The average score is 32 of 50
Answer Stats
Team Real Name Answer % Correct
Avengers Steve Rogers Captain America
100%
Avengers Tony Stark Iron Man
100%
Avengers Natasha Romanoff Black Widow
96%
Avengers Stephen Strange Doctor Strange
96%
Avengers Bruce Banner Hulk
96%
Avengers Peter Parker Spider-Man
96%
Avengers Thor Odinson Thor
96%
Avengers Scott Lang Ant-Man
88%
Avengers Clint Barton Hawkeye
88%
Fantastic Four Johnny Storm Human Torch
88%
Fantastic Four Ben Grimm The Thing
88%
Avengers James "Bucky" Barnes Winter Soldier
88%
Avengers Sam Wilson Falcon
84%
Guardians of the Galaxy Groot Groot
84%
X-Men Logan Howlett Wolverine
84%
X-Men Scott Summers Cyclops
80%
X-Men Wade Wilson Deadpool
80%
Guardians of the Galaxy Gamora Zen-Whoberi Gamora
80%
X-Men Charles Xavier Professor X
80%
Guardians of the Galaxy Peter Quill Star-Lord
80%
Guardians of the Galaxy Yondu Udonta Yondu
80%
Fantastic Four Sue Storm Invisible Woman
76%
X-Men Jean Grey Phoenix / Marvel Girl
76%
Guardians of the Galaxy 89P13 Rocket Raccoon
76%
Avengers Hope van Dyne The Wasp
76%
Defenders Matt Murdock Daredevil
68%
X-Men Erik Lehnsherr Magneto
68%
X-Men Hank McCoy Beast
64%
Guardians of the Galaxy Arthur Douglas Drax
64%
X-Men Bobby Drake Iceman
64%
X-Men Ororo Munroe Storm
64%
Fantastic Four Reed Richards Mister Fantastic
60%
X-Men Kurt Wagner Nightcrawler
60%
X-Men Jubilation Lee Jubilee
56%
X-Men Piotr Rasputin Colossus
52%
Defenders Carl Lucas Luke Cage / Power Man
52%
Defenders Frank Castle Punisher
52%
Defenders Danny Rand Iron Fist
48%
X-Men Warren Worthington III Angel / Archangel
40%
Guardians of the Galaxy Norrin Radd Silver Surfer
36%
Guardians of the Galaxy Flash Thompson Agent Venom
32%
Defenders Maya Lopez Echo
32%
Defenders Jessica Jones Jewel
28%
Guardians of the Galaxy Sam Alexander Nova
28%
Defenders Ava Ayala White Tiger
28%
New Warriors Tyrone Johnson Cloak
24%
New Warriors Tandy Bowen Dagger
24%
New Warriors Doreen Green Squirrel Girl
16%
New Warriors Triton Mander-Azur Triton
16%
New Warriors Seol Hee Luna Snow
8%
No matching quizzes found
Score Distribution
Percent of People with Each Score
Percentile by Number Answered
Your Score History
You have not taken this quiz